Derecho de daños
Salvato in:
| Autore principale: | |
|---|---|
| Natura: | Libro |
| Lingua: | spagnolo |
| Pubblicazione: |
Madrid
Sepin
2011
|
| Edizione: | 1a. ed |
| Soggetti: | |
| Tags: |
Aggiungi Tag
Nessun Tag, puoi essere il primo ad aggiungerne!!
|
MARC
| LEADER | 00000cam a2200000 a 4500 | ||
|---|---|---|---|
| 001 | UCE1495 | ||
| 003 | CL-VaPUC | ||
| 008 | 140502e20110000sp |||||||||||||||||spa|d | ||
| 020 | |a 9788492995530 | ||
| 082 | 0 | 4 | |a 346.03 |b HER |2 21 |
| 100 | 0 | |a Herrador Guardia, Mariano José |e author |9 573833 | |
| 245 | 1 | 0 | |a Derecho de daños |
| 250 | |a 1a. ed | ||
| 300 | |a 862 p | ||
| 942 | |c BK | ||
| 945 | |d 20140502 10:02:00 |a dcastane | ||
| 260 | |a Madrid |b Sepin |c 2011 | ||
| 650 | 7 | |a RESPONSABILIDAD CIVIL |2 CL-VaPUC |9 573834 | |
| 650 | 0 | |a Derecho procesal penal |9 255496 | |
| 650 | 7 | |a DAÑOS |2 CL-VaPUC |9 385714 | |
| 583 | |a last modification |c 20161102 11:02:15 |k Rodrigo Vera | ||
| 999 | |c 355271 |d 355269 | ||
| 952 | |0 0 |1 0 |3 erd |4 0 |6 346_030000000000000_HER_2011 |7 0 |8 A |9 461909 |a BIBDER |b BIBDER |i 5070015 |l 2 |m 2 |o 346.03 HER 2011 |p 5070015 |q 2025-12-31 |r 2021-10-11 |s 2021-10-11 |w 2019-11-23 |y BK |z Catalogado en:20140502 |k DER | ||